00646nam a2200241 a 4500001001300000003000900013005001700022008004100039020001000080082001300090100002000103245003000123260004000153300000900193500003500202505001000237650001300247700002000260902000800280942000700288952009400295999001500389nice12345678IN_TiNIC20260116012412.0050524s1953 lona grp 000 0 eng  ac10000a266bGOO aGoodall, Norman aMissions Under the Cross. aLondonbEdinburgh House Pressc1953 a264p aincludes index and biblioraphy2 aIndex aMissions1 aGoodall, Norman bSRS cBK 00104070aHMIbHMId2007-07-11g100.00l0o266 GOOp012217r2007-07-11w2026-01-16yEB c6879d6879